00449nam a2200157Ia 4500003000400000005001700004008004100021020001800062040000900080082001900089100002200108245009200130260004800222300000900270650001200279OSt20200623131301.0190216s9999||||xx |||||||||||||| ||und|| a9780195667097 coclc a954.031bMET/F aMetcalf, Thomas R 0aForging The Raj :bEssays On British Indian In The Heyday Of Empire /cThomas R Metcalf bOxford University Press,aNew Delhi:c2005. a317p aHistory